000
00287nam a22001097a 4500
082
_a
810.308762 VIS'F
100
_a
FOREIGN, LANGUAGES
_9
80663
245
_a
A VISITOR FROM OUTER SPACE SCIENCE FICTION STORIES
260
_a
MOSCOW
_b
FOREIGN LANGUAGES
_c
1962
300
_a
210P
942
_c
BK
999
_c
585560
_d
585560